BIA-loppuiset valtiot - Statistics

Yleistilastot
  • Tätä visaa on pelattu 3 981 kertaa
  • Keskiarvotulos 4 / 6
Vastaustilastot
Valtio % Oikein
Namibia
77%
Sambia
73%
Gambia
63%
Kolumbia
62%
Serbia
40%
Saudi-Arabia
39%
Ehtoja vastaavia visoja ei löytynyt
Tulosjakauma
Jokaisen tuloksen saaneiden osuus
Persentiili vastausten määrän mukaan
Tuloshistoriasi
Et ole pelannut tätä visaa